000
00238 a2200097 4500
001
47275
100
_a
Fuller, J
245
_a
A Military History of the Western World
260
_a
New York
_b
Funk & Nagnulls Co.
_c
090
_c
30317
_d
30317
942
_a
NUST-CAE
_c
M
_c
22578
999
_c
282348
_d
282348